000 00921nam a2200217 i 4500
001 65069
003 ES-MaACL
005 20250507063018.0
007 t|
008 040108m19721974sp ||||1| spa d
100 1 _aFraga Iribarne, Manuel,
_d1922-2012
_9193721
245 1 3 _aLa España de los años 70 /
_cManuel Fraga Iribarne ; co-directores, Juan Velarde Fuertes, Salustiano del Campo Urbano.
260 _aMadrid :
_bMoneda y Crédito,
_c1972-1974.
300 _a3 t. en 4 v. ;
_c24 cm.
505 8 _aContiene: V.I: La sociedad / dirigido por Salustiano del Campo Urbano .-- V.II: La economía / dirigida por Juan Velarde Fuertes . -- V.III: El estado y la política / dirigido por Manuel Fraga Iribarne
700 _aVelarde Fuertes, Juan,
_9236903
_d1927-2023
700 1 _aCampo Urbano, Salustiano del.
_934221
852 _aES-MaACL
_jE-5760-3
_bR.82651
942 _2udc
999 _c65069
_d65069